Dexter - Ultimate Cast Quiz - Statistics

General Stats
  • This quiz has been taken 15 times
  • The average score is 7 of 30
Answer Stats
Hint Answer % Correct
Dexter Morgan Michael C. Hall
100%
Debra Morgan Jennifer Carpenter
77%
Angel Batista David Zayas
69%
Vince Masuka C. S. Lee
62%
Joey Quinn Desmond Harrington
38%
James Doakes Erik King
38%
Rita Bennett Julie Benz
38%
Arthur Mitchell John Lithgow
31%
Lumen Pierce Julia Stiles
23%
Maria LaGuerta Luna Velez
23%
Hannah McKay Yvonne Strahovski
23%
Travis Marshall Colin Hanks
15%
Thomas Matthews Geoff Pierson
15%
Harrison Morgan Jack Alcott
15%
Harry Morgan James Remar
15%
Charley Brown Uma Thurman
15%
Jamie Batista Aimee Garcia
8%
Mike Anderson Billy Brown
8%
Evelyn Vogel Charlotte Rampling
8%
Brian Moser Chris Camargo
8%
Lila West Jaime Murray
8%
Miguel Prado Jimmy Smits
8%
Frank Lundy Keith Carradine
8%
Leon Prater Peter Dinklage
8%
Astor Bennett Christina Robinson
0%
Oliver Saxon Darri Ingólfsson
0%
Angela Bishop Julia Jones
0%
Claudette Wallace Kadia Saraf
0%
Cody Bennett Preston Bailey
0%
Isaak Sirko Ray Stevenson
0%
No matching quizzes found
Score Distribution
Percent of People with Each Score
Percentile by Number Answered
Your Score History
You have not taken this quiz